[Event "American Continental 19th"]
[Site "Foz do Iguacu"]
[Date "2025.05.23"]
[Round "1"]
[White "Panjwani, Raja"]
[Black "Raimundo, Airton Carlos Nunes"]
[Result "1-0"]
[WhiteElo "2446"]
[BlackElo "1975"]
[PlyCount "62"]
[EventDate "2025.05.23"]
[EventType "swiss"]
[EventRounds "11"]
[EventCountry "BRA"]
[SourceTitle "CB23_2025"]
[SourceDate "2025.06.04"]
[SourceVersion "1"]
[SourceVersionDate "2025.06.04"]
[SourceQuality "1"]

1. e4 c5 2. Nf3 Nc6 3. Bb5 d6 4. 0-0 Bd7 5. Re1 Nd4 6. Nxd4 cxd4 7. Bc4 Qc7 8. Bb3 Nf6 9. c3 e5 10. cxd4 Be7 11. d5 Rc8 12. Nc3 0-0 13. d4 Ng4 14. dxe5 Nxe5 15. Bf4 Ng6 16. Be3 f5 17. exf5 Rxf5 18. Ne2 Bf6 19. Nd4 Bxd4 20. Qxd4 a6 21. Rac1 Qd8 22. Rxc8 Bxc8 23. Qb6 Qxb6 24. Bxb6 Kf8 25. Bc7 Rf6 26. g3 Bh3 27. f4 Kf7 28. a4 h5 29. Bd8 Rf5 30. Bc2 Rxd5 31. Bb3 Be6 1-0

[Event "Florianopolis op 11th"]
[Site "Florianopolis"]
[Date "2025.01.24"]
[Round "8"]
[White "Raimundo, Airton Carlos Nunes"]
[Black "Ramazzotte, Maicon Zilli"]
[Result "1-0"]
[WhiteElo "1975"]
[BlackElo "1785"]
[PlyCount "50"]
[EventDate "2025.01.18"]
[EventType "swiss"]
[EventRounds "10"]
[EventCountry "BRA"]
[SourceTitle "CB05_2025"]
[SourceDate "2025.01.29"]
[SourceVersion "1"]
[SourceVersionDate "2025.01.29"]
[SourceQuality "1"]

1. e4 c6 2. d4 d5 3. exd5 cxd5 4. Nf3 Nc6 5. Ne5 Nf6 6. Bb5 Qb6 7. c4 dxc4 8. Nc3 e6 9. Qf3 Bd7 10. Nxc4 Nxd4 11. Qd3 Qc5 12. b4 Qxb4 13. Ba3 Nxb5 14. Bxb4 Bxb4 15. 0-0 Bxc3 16. Rab1 0-0 17. a4 Nd4 18. Kh1 Nd5 19. Ne3 Rac8 20. Rxb7 Bc6 21. Rxa7 Nb4 22. Qd1 Be4 23. f3 Bd3 24. Rf2 Ndc6 25. Rd7 Bd4 1-0

[Event "Florianopolis op 11th"]
[Site "Florianopolis"]
[Date "2025.01.21"]
[Round "5"]
[White "Zampronha, Wladimir Camilo"]
[Black "Raimundo, Airton Carlos Nunes"]
[Result "1-0"]
[WhiteElo "2126"]
[BlackElo "1975"]
[PlyCount "67"]
[EventDate "2025.01.18"]
[EventType "swiss"]
[EventRounds "10"]
[EventCountry "BRA"]
[SourceTitle "CB05_2025"]
[SourceDate "2025.01.29"]
[SourceVersion "1"]
[SourceVersionDate "2025.01.29"]
[SourceQuality "1"]

1. e4 c5 2. Nf3 Nc6 3. d4 cxd4 4. Nxd4 Nf6 5. Nc3 e5 6. Ndb5 d6 7. Bg5 a6 8. Bxf6 gxf6 9. Na3 b5 10. Nd5 f5 11. Bd3 Be6 12. Qh5 Bg7 13. 0-0 f4 14. c3 h6 15. Nc2 Ra7 16. a4 bxa4 17. Rxa4 0-0 18. Rfa1 f5 19. Ncb4 Nb8 20. exf5 Bf7 21. Qf3 Qg5 22. Qe4 Bh5 23. f3 Bf6 24. Nxa6 Rg7 25. Qe2 Kh7 26. Nxb8 Rfg8 27. Kh1 Qxg2+ 28. Qxg2 Rxg2 29. Be4 Bd8 30. Nc6 Be8 31. Ra8 Rxh2+ 32. Kxh2 Bxc6 33. Rxd8 Rxd8 34. Ra7+ 1-0

[Event "Florianopolis op 11th"]
[Site "Florianopolis"]
[Date "2025.01.20"]
[Round "3"]
[White "Fujihara, Anderson Akira"]
[Black "Raimundo, Airton Carlos Nunes"]
[Result "0-1"]
[WhiteElo "1690"]
[BlackElo "1975"]
[PlyCount "78"]
[EventDate "2025.01.18"]
[EventType "swiss"]
[EventRounds "10"]
[EventCountry "BRA"]
[SourceTitle "CB05_2025"]
[SourceDate "2025.01.29"]
[SourceVersion "1"]
[SourceVersionDate "2025.01.29"]
[SourceQuality "1"]

1. d4 Nf6 2. c4 e6 3. Nc3 Bb4 4. e3 0-0 5. Bd2 c5 6. Nf3 cxd4 7. exd4 b6 8. Bd3 d5 9. 0-0 dxc4 10. Bxc4 Bb7 11. Bg5 Be7 12. Re1 Nc6 13. a3 Nd5 14. Bxd5 Bxg5 15. Ba2 Bf6 16. d5 exd5 17. Bxd5 Bxc3 18. bxc3 Qf6 19. c4 Rfd8 20. Qa4 Na5 21. Rad1 h6 22. Ne5 Bxd5 23. Rxd5 Rxd5 24. cxd5 Rd8 25. Qe4 Qd6 26. Nc6 Nxc6 27. dxc6 Rc8 28. Qa4 Rc7 29. Rc1 Kf8 30. Qb4 Qxb4 31. axb4 b5 32. f4 Ke7 33. Ra1 Kd6 34. Ra6 Kd5 35. Kf2 Kc4 36. Ke3 Re7+ 37. Kd2 Kxb4 38. Kd3 Kc5 39. g3 b4 0-1

[Event "Florianopolis op 11th"]
[Site "Florianopolis"]
[Date "2025.01.19"]
[Round "2"]
[White "Raimundo, Airton Carlos Nunes"]
[Black "Di Berardino, Diego Rafael"]
[Result "0-1"]
[WhiteElo "1975"]
[BlackElo "2466"]
[PlyCount "92"]
[EventDate "2025.01.18"]
[EventType "swiss"]
[EventRounds "10"]
[EventCountry "BRA"]
[SourceTitle "CB05_2025"]
[SourceDate "2025.01.29"]
[SourceVersion "1"]
[SourceVersionDate "2025.01.29"]
[SourceQuality "1"]

1. e4 e5 2. Nf3 Nc6 3. Bc4 Nf6 4. d4 exd4 5. e5 d5 6. Bb5 Ne4 7. Nxd4 Bc5 8. 0-0 0-0 9. Bxc6 bxc6 10. f3 f6 11. Kh1 Bxd4 12. Qxd4 fxe5 13. Qxe5 Ba6 14. Nd2 Bxf1 15. Nxf1 Qd6 16. Qd4 c5 17. Qg1 Nf6 18. Ng3 Rae8 19. Be3 d4 20. Bf2 Qd5 21. b3 Nd7 22. Qf1 Ne5 23. Re1 Nf7 24. h4 Nd6 25. Rd1 Rf4 26. h5 Nf5 27. Kg1 Nxg3 28. Bxg3 Rf7 29. h6 gxh6 30. Re1 Re3 31. Qa6 Kg7 32. Qc8 Rfe7 33. Rxe3 dxe3 34. Be1 Qd4 35. Qh3 e2+ 36. Kh1 Re5 37. c3 Qd6 38. f4 Re7 39. Qg4+ Qg6 40. Qf3 Qf5 41. c4 h5 42. Qg3+ Kf7 43. Qf3 Re4 44. g3 h4 45. Kg2 hxg3 46. Qxg3 h5 0-1

[Event "Araraquara op"]
[Site "Araraquara"]
[Date "2023.02.20"]
[Round "3.6"]
[White "Raimundo, Airton Carlos Nunes"]
[Black "Frare, Fernando Cesar"]
[Result "0-1"]
[WhiteElo "1971"]
[BlackElo "2224"]
[PlyCount "106"]
[EventDate "2023.02.19"]
[EventType "swiss"]
[EventRounds "6"]
[EventCountry "BRA"]
[SourceTitle "CBM 213 Extra"]
[Source "ChessBase"]
[SourceDate "2023.05.31"]
[SourceVersion "1"]
[SourceVersionDate "2023.05.31"]
[SourceQuality "1"]

1. e4 c5 2. Nc3 e6 3. g3 a6 4. Bg2 b5 5. Nf3 Bb7 6. d3 d6 7. a4 b4 8. Ne2 Nf6 9. 0-0 Nbd7 10. b3 Qc7 11. Bb2 Be7 12. Nd2 d5 13. exd5 exd5 14. Re1 0-0 15. d4 Rfe8 16. dxc5 Bxc5 17. Rf1 Rac8 18. Rc1 a5 19. Nd4 Ba6 20. N2f3 Bxf1 21. Bxf1 Qb6 22. Bb5 Re4 23. Nf5 Bxf2+ 24. Kg2 Rd8 25. Ng5 Re1 26. Qf3 Rxc1 27. Bxc1 Bc5 28. Bb2 h6 29. Nh3 Qe6 30. Nf2 Bxf2 31. Qxf2 Qe4+ 32. Kg1 Ng4 33. Qf4 Qxf4 34. gxf4 Ngf6 35. Bd4 Kh7 36. Ne7 h5 37. f5 Rb8 38. Nc6 Ra8 39. Kg2 g6 40. Ne7 g5 41. h3 Rb8 42. Nc6 Rc8 43. Kf3 Kh6 44. Ke3 Re8+ 45. Kd3 g4 46. h4 Re4 47. Be3+ Kh7 48. Nd4 Ne5+ 49. Kd2 g3 50. Bf1 Rxh4 51. Ne2 Ne4+ 52. Kc1 Rh1 53. Ng1 Nf2 0-1

[Event "Florianopolis op 9th"]
[Site "Florianopolis"]
[Date "2023.01.27"]
[Round "7"]
[White "Raimundo, Airton Carlos Nunes"]
[Black "Gomes, Marco Tulio Caldeir"]
[Result "1-0"]
[WhiteElo "2023"]
[BlackElo "1645"]
[PlyCount "75"]
[EventDate "2023.01.23"]
[EventType "swiss"]
[EventRounds "10"]
[EventCountry "BRA"]
[SourceTitle "CBM 212 Extra"]
[Source "ChessBase"]
[SourceDate "2023.03.31"]
[SourceVersion "1"]
[SourceVersionDate "2023.03.31"]
[SourceQuality "1"]

1. e4 c5 2. Nc3 e6 3. g3 g6 4. Bg2 Bg7 5. d3 Ne7 6. f4 f5 7. Nf3 a6 8. 0-0 0-0 9. e5 Nbc6 10. Be3 b6 11. a4 Bb7 12. d4 cxd4 13. Nxd4 Qc7 14. Rf2 Rfd8 15. Ndb5 axb5 16. Nxb5 Qb8 17. Bxb6 Rf8 18. Rd2 Ba6 19. c4 Qb7 20. Bc5 Rad8 21. Bxe7 Qb6+ 22. c5 Qb8 23. Bxc6 dxc6 24. Rxd8 Rxd8 25. Qxd8+ Qxd8 26. Bxd8 cxb5 27. axb5 Bxb5 28. Be7 Bc6 29. Ra7 h6 30. h4 Bd5 31. b4 Bc6 32. Kf2 Bb5 33. Ke3 Bc6 34. Kd4 Bb5 35. Rc7 Ba6 36. c6 Bf8 37. Bxf8 Kxf8 38. Kc5 1-0

[Event "Florianopolis op 9th"]
[Site "Florianopolis"]
[Date "2023.01.24"]
[Round "3"]
[White "Raimundo, Airton Carlos Nunes"]
[Black "Villalba, Marcelo"]
[Result "0-1"]
[WhiteElo "2023"]
[BlackElo "2269"]
[PlyCount "118"]
[EventDate "2023.01.23"]
[EventType "swiss"]
[EventRounds "10"]
[EventCountry "BRA"]
[SourceTitle "CBM 212 Extra"]
[Source "ChessBase"]
[SourceDate "2023.03.31"]
[SourceVersion "1"]
[SourceVersionDate "2023.03.31"]
[SourceQuality "1"]

1. e4 e5 2. Nf3 Nc6 3. Bb5 a6 4. Bxc6 dxc6 5. d4 exd4 6. Qxd4 Qxd4 7. Nxd4 Bd6 8. Be3 Ne7 9. f4 f6 10. Nc3 0-0 11. 0-0 Re8 12. Rae1 Ng6 13. a3 Bd7 14. h3 Rad8 15. g4 Bc8 16. Kg2 Bxf4 17. Bxf4 Nxf4+ 18. Rxf4 Rxd4 19. Rf2 Be6 20. b3 Bf7 21. Rfe2 Bg6 22. Kf3 h5 23. Na4 b6 24. Nb2 Kf7 25. Nd3 a5 26. Nf4 hxg4+ 27. hxg4 Bh7 28. c3 Rdd8 29. Rh1 Bg8 30. Re3 g5 31. Ne2 Kg6 32. b4 c5 33. bxc5 bxc5 34. Ng3 Be6 35. Nf5 Rh8 36. Rxh8 Rxh8 37. Kg2 Rb8 38. Rh3 Rb2+ 39. Kg1 Bxf5 40. exf5+ Kg7 41. Rd3 Rc2 42. Kf1 Kf8 43. Rd8+ Ke7 44. Ra8 Rxc3 45. Rxa5 Kd6 46. Kf2 Rb3 47. Ke2 Rg3 48. Ra4 Kd5 49. Kd2 c4 50. Ra5+ Kd4 51. Ra6 Rg2+ 52. Ke1 c3 53. Rxf6 c2 54. Rc6 Kd3 55. f6 Re2+ 56. Kf1 Re6 57. Rxc7 Rxf6+ 58. Ke1 Re6+ 59. Kf1 Re4 0-1

[Event "Niteroi op 1st"]
[Site "Niteroi"]
[Date "2019.09.07"]
[Round "6"]
[White "Raimundo, Airton Carlos Nunes"]
[Black "Bail, Ellen Larissa"]
[Result "1-0"]
[WhiteElo "2028"]
[BlackElo "1874"]
[PlyCount "89"]
[EventDate "2019.09.04"]
[EventType "swiss"]
[EventRounds "7"]
[EventCountry "BRA"]
[SourceTitle "EXT 2020"]
[Source "ChessBase"]
[SourceDate "2019.10.17"]
[SourceVersion "1"]
[SourceVersionDate "2019.10.17"]
[SourceQuality "1"]

1. e4 e6 2. Nc3 d5 3. g3 d4 4. Nb1 c5 5. d3 e5 6. Bg2 Nc6 7. f4 Bd6 8. Nf3 f6 9. 0-0 Be6 10. fxe5 Nxe5 11. c3 Nxf3+ 12. Bxf3 Be5 13. Bg4 Bd7 14. Bf4 Bc6 15. Na3 Bxf4 16. Rxf4 Nh6 17. Be6 Qd6 18. Qh5+ Ke7 19. Bd5 Qe5 20. Qh3 Bd7 21. Qf1 dxc3 22. bxc3 Qxc3 23. Nc4 Qd4+ 24. Kh1 Rab8 25. Re1 g6 26. Rf3 Bg4 27. Nd2 Bxf3+ 28. Nxf3 Qb2 29. Rb1 Qc3 30. Rc1 Qa3 31. Nd2 Ng4 32. Nc4 Qxa2 33. Qg1 Nf2+ 34. Kg2 Nxd3+ 35. Kf3 Nxc1 36. Qxc5+ Kd8 37. Qd6+ Ke8 38. Qe6+ Kd8 39. Qxf6+ Kd7 40. Qg7+ Kd8 41. Qxh8+ Ke7 42. Qg7+ Kd8 43. Qf8+ Kd7 44. Ne5+ Kc7 45. Qe7+ 1-0

[Event "Niteroi op 1st"]
[Site "Niteroi"]
[Date "2019.09.06"]
[Round "5"]
[White "Baldussi Fernandes, Bruno Mendonca"]
[Black "Raimundo, Airton Carlos Nunes"]
[Result "1/2-1/2"]
[WhiteElo "1750"]
[BlackElo "2028"]
[PlyCount "69"]
[EventDate "2019.09.04"]
[EventType "swiss"]
[EventRounds "7"]
[EventCountry "BRA"]
[SourceTitle "EXT 2020"]
[Source "ChessBase"]
[SourceDate "2019.10.17"]
[SourceVersion "1"]
[SourceVersionDate "2019.10.17"]
[SourceQuality "1"]

1. e4 e6 2. c4 d5 3. cxd5 exd5 4. exd5 Nf6 5. Bb5+ Bd7 6. Bc4 Bg4 7. Qb3 Qe7+ 8. Qe3 Nbd7 9. Nc3 0-0-0 10. Nge2 Qb4 11. b3 Bc5 12. a3 Bxe3 13. axb4 Bb6 14. 0-0 Rhe8 15. d4 Bxe2 16. Nxe2 Nxd5 17. Bxd5 Rxe2 18. Be3 Ne5 19. Bxb7+ Kxb7 20. dxe5 Bxe3 21. fxe3 Rdd2 22. Rxf7 Rxg2+ 23. Kf1 Rxh2 24. Rxg7 Rh1+ 25. Rg1 Rh5 26. Rc1 Rd7 27. e6 Re7 28. Ke2 Re5 29. Rc4 R5xe6 30. Rg3 Rh6 31. e4 Rh2+ 32. Ke3 Rh1 33. Kf4 Rf1+ 34. Ke3 Rb1 35. Kf4 1/2-1/2

[Event "Florianopolis Region-ch sf"]
[Site "Florianopolis"]
[Date "2018.12.16"]
[Round "7"]
[White "Do Valle Cardoso, Lucas"]
[Black "Raimundo, Airton Carlos Nunes"]
[Result "1-0"]
[WhiteElo "2112"]
[BlackElo "2036"]
[PlyCount "205"]
[EventDate "2018.12.13"]
[EventType "swiss"]
[EventRounds "7"]
[EventCountry "BRA"]
[SourceTitle "CBM 187 Extra"]
[Source "ChessBase"]
[SourceDate "2018.11.04"]
[SourceVersion "1"]
[SourceVersionDate "2018.11.04"]
[SourceQuality "1"]

1. e4 e6 2. d4 d5 3. Nc3 Bb4 4. e5 c5 5. a3 Bxc3+ 6. bxc3 Ne7 7. h4 Nbc6 8. Rh3 cxd4 9. cxd4 Nf5 10. Nf3 h5 11. c3 Qa5 12. Bd2 Qc7 13. Bd3 Nce7 14. a4 Bd7 15. a5 f6 16. Qe2 0-0-0 17. Rc1 Kb8 18. a6 Nc6 19. Kf1 Na5 20. Rb1 b6 21. g3 Ka8 22. Kg2 Nh6 23. Rhh1 Ng4 24. Rhc1 Nc4 25. Bf4 f5 26. Nd2 b5 27. Nb3 Rhe8 28. Nc5 Bc6 29. Rb4 Qf7 30. f3 Nh6 31. Rcb1 Rb8 32. Qa2 Rb6 33. R4b3 Reb8 34. Be2 Ng8 35. Bg5 Ne7 36. Bxe7 Qxe7 37. f4 g6 38. Kf2 Qe8 39. Nd3 Qc8 40. Nc5 Qe8 41. Bf3 Qc8 42. Rb4 Qe8 43. Ra1 Qc8 44. Nb3 Be8 45. Nc5 Bc6 46. Be2 Qe8 47. Bd3 Qc8 48. Rab1 Qe8 49. Qe2 Qf7 50. Qc2 Qe8 51. Ra1 Qc8 52. Qa2 Qe8 53. Nb3 Qc8 54. Nc1 Qe8 55. Ne2 Bd7 56. Bxc4 dxc4 57. d5 exd5 58. Nd4 Qc8 59. Qa5 Qc5 60. Rab1 Qc8 61. Ra1 Qc5 62. Rab1 Qc8 63. R4b2 Rxa6 64. Qb4 Rab6 65. Qe7 Qe8 66. Qc5 a6 67. e6 Bxe6 68. Re1 R8b7 69. Rbe2 Qc8 70. Nxe6 Qxc5+ 71. Nxc5 Rc7 72. Re8+ Ka7 73. Ne6 Rd7 74. Nd4 a5 75. Rb1 Rdb7 76. Re5 a4 77. Rxd5 Ka6 78. Nc2 Ka7 79. Nb4 Re7 80. Rc5 Rd7 81. Nd5 Ra6 82. Rcxb5 a3 83. Nb4 Re6 84. Ra1 Rd2+ 85. Kf1 a2 86. Nxa2 Ra6 87. Rc5 Raxa2 88. Rxa2+ Rxa2 89. Rxc4 Kb6 90. Rc8 Rc2 91. Rg8 Rxc3 92. Rxg6+ Kc7 93. Kg2 Kd7 94. Rg5 Ke6 95. Rxh5 Kf6 96. Rg5 Rc8 97. Kh3 Rc3 98. h5 Ra3 99. Rg6+ Kf7 100. Kh4 Rf3 101. Ra6 Kg7 102. h6+ Kh7 103. Rf6 1-0

[Event "Sao Paulo Karman Cup"]
[Site "Sao Paulo"]
[Date "2018.08.12"]
[Round "5"]
[White "Vieira, Alexandre Letizio"]
[Black "Raimundo, Airton Carlos Nunes"]
[Result "1/2-1/2"]
[WhiteElo "1801"]
[BlackElo "2057"]
[PlyCount "82"]
[EventDate "2018.08.10"]
[EventType "swiss"]
[EventRounds "6"]
[EventCountry "BRA"]
[SourceTitle "CBM 186 Extra"]
[Source "ChessBase"]
[SourceDate "2018.08.24"]
[SourceVersion "1"]
[SourceVersionDate "2018.08.24"]
[SourceQuality "1"]

1. d4 Nf6 2. Bf4 e6 3. e3 c5 4. c3 Nc6 5. Nd2 d5 6. Bd3 Bd6 7. Bg3 e5 8. dxc5 Bxc5 9. Nb3 Bb6 10. Bb5 Qe7 11. h3 0-0 12. Nf3 Bc7 13. Bh4 Rd8 14. Qc2 a6 15. Be2 b5 16. 0-0 h6 17. Rad1 g5 18. Bg3 Ne4 19. Rxd5 Rxd5 20. Qxe4 Be6 21. c4 f5 22. Qc2 Nb4 23. Qb1 Rdd8 24. a3 bxc4 25. axb4 cxb3 26. Bxe5 Bxe5 27. Nxe5 Qd6 28. Nf3 Qxb4 29. Nd4 Rxd4 30. exd4 Qxd4 31. Rd1 Qe5 32. Re1 Qf6 33. Qd3 a5 34. Bf3 Re8 35. Rxe6 Rxe6 36. Bd5 Kg7 37. Bxe6 Qxe6 38. Qc3+ Kg6 39. Qxa5 Qc4 40. Qd2 Qc2 41. Qd4 f4 1/2-1/2

[Event "Sao Paulo Karman Cup"]
[Site "Sao Paulo"]
[Date "2018.08.11"]
[Round "3"]
[White "Borger, Daniel"]
[Black "Raimundo, Airton Carlos Nunes"]
[Result "0-1"]
[WhiteElo "1642"]
[BlackElo "2057"]
[PlyCount "94"]
[EventDate "2018.08.10"]
[EventType "swiss"]
[EventRounds "6"]
[EventCountry "BRA"]
[SourceTitle "CBM 186 Extra"]
[Source "ChessBase"]
[SourceDate "2018.08.24"]
[SourceVersion "1"]
[SourceVersionDate "2018.08.24"]
[SourceQuality "1"]

1. e4 c5 2. Nc3 d6 3. g3 g6 4. Bg2 Bg7 5. d3 Nc6 6. Nh3 Rb8 7. a4 a6 8. f4 e6 9. 0-0 Nge7 10. Be3 Nd4 11. Qd2 b5 12. Nd1 b4 13. Kh1 0-0 14. Bxd4 cxd4 15. b3 f5 16. Nb2 a5 17. Rfe1 Qc7 18. Ng5 e5 19. Re2 fxe4 20. dxe4 h6 21. Nf3 Kh7 22. Rae1 Be6 23. Nd3 Rb6 24. h3 Rc6 25. Rf1 Rc3 26. g4 Bc8 27. f5 gxf5 28. gxf5 Bf6 29. Nf2 Ba6 30. Ng4 Ng8 31. Rff2 Bxe2 32. Rxe2 Rc8 33. Ne1 Bg5 34. Qd1 h5 35. Nh2 Nf6 36. Nhf3 Be3 37. h4 Qg7 38. Bf1 Nxe4 39. Rxe3 Nf2+ 40. Kh2 Nxd1 41. Ng5+ Qxg5 42. hxg5 Rxe3 43. Ng2 Rxc2 44. g6+ Kg7 45. Kg1 Rg3 46. Kh2 Rgxg2+ 47. Bxg2 Ne3 0-1

[Event "Sao Paulo Karman Cup"]
[Site "Sao Paulo"]
[Date "2018.08.11"]
[Round "4"]
[White "Raimundo, Airton Carlos Nunes"]
[Black "Funayama S A, Yuri"]
[Result "1-0"]
[WhiteElo "2057"]
[BlackElo "1613"]
[PlyCount "73"]
[EventDate "2018.08.10"]
[EventType "swiss"]
[EventRounds "6"]
[EventCountry "BRA"]
[SourceTitle "CBM 186 Extra"]
[Source "ChessBase"]
[SourceDate "2018.08.24"]
[SourceVersion "1"]
[SourceVersionDate "2018.08.24"]
[SourceQuality "1"]

1. e4 c6 2. d4 d5 3. Nc3 dxe4 4. Nxe4 Bf5 5. Ng3 Bg6 6. h4 h6 7. Nf3 Nf6 8. h5 Bh7 9. Bd3 Bxd3 10. Qxd3 e6 11. c4 Bd6 12. Bd2 Nbd7 13. Bc3 Qc7 14. Ne2 0-0-0 15. c5 Be7 16. Qc4 Nd5 17. b4 N7f6 18. Ne5 Rhf8 19. a4 Ne4 20. Bb2 Bf6 21. Rd1 a5 22. b5 cxb5 23. axb5 Bxe5 24. dxe5 Nxc5 25. 0-0 Na6 26. Qg4 Qb6 27. bxa6 Qxb2 28. Rb1 Qxe5 29. Qc4+ Qc7 30. axb7+ Kd7 31. Qb5+ Ke7 32. Rfc1 Qb8 33. Nd4 Nc7 34. Nc6+ Ke8 35. Qxa5 Rd5 36. Qa3 Nb5 37. Qe7# 1-0

[Event "BRA-ch Amateur U2000"]
[Site "Sao Paulo"]
[Date "2018.06.01"]
[Round "3"]
[White "Sa, Antonio Villar Marq"]
[Black "Raimundo, Airton Carlos Nunes"]
[Result "0-1"]
[WhiteElo "1920"]
[BlackElo "1982"]
[PlyCount "114"]
[EventDate "2018.05.31"]
[EventType "swiss"]
[EventRounds "7"]
[EventCountry "BRA"]
[SourceTitle "EXT 2021"]
[Source "ChessBase"]
[SourceDate "2020.10.23"]
[SourceVersion "1"]
[SourceVersionDate "2020.10.23"]
[SourceQuality "1"]

1. e4 c5 2. Nf3 d6 3. d4 cxd4 4. Nxd4 Nf6 5. Nc3 a6 6. Be2 e5 7. Nb3 Be7 8. 0-0 0-0 9. a4 Be6 10. Kh1 Nc6 11. Be3 Rc8 12. Qd2 Nb4 13. Bd1 d5 14. exd5 Nfxd5 15. Nxd5 Nxd5 16. c3 Nxe3 17. Qxe3 Qc7 18. Bc2 Rcd8 19. Rad1 g6 20. Rd2 Kg7 21. Re1 f6 22. Rxd8 Rxd8 23. Rd1 Rxd1+ 24. Bxd1 Qd6 25. Qd2 Qb6 26. Nc1 h5 27. b3 h4 28. h3 Bc5 29. Nd3 Qd6 30. Qe2 Bb6 31. Kg1 Bf5 32. Bc2 e4 33. Nb2 Bc7 34. Kf1 Qf4 35. Qe3 Qe5 36. Nc4 Qe6 37. Qd4 g5 38. Nd2 Bb6 39. Qc4 e3 40. Qxe6 Bxe6 41. fxe3 Bxe3 42. Ke2 Bxd2 43. Kxd2 Bd5 44. Ke3 Bxg2 45. Bf5 Kf7 46. Kd4 Ke7 47. Kc5 Bf3 48. Kd4 Kd6 49. Be4 Bxe4 50. Kxe4 Ke6 51. a5 f5+ 52. Ke3 Ke5 53. c4 g4 54. hxg4 fxg4 55. b4 h3 56. Kf2 Kd4 57. b5 Kxc4 0-1

[Event "Sao Paulo op-B U2050 7th"]
[Site "Sao Paulo"]
[Date "2018.04.01"]
[Round "5"]
[White "Raimundo, Airton Carlos Nunes"]
[Black "Ikejiri, Daniel Yoshito"]
[Result "0-1"]
[WhiteElo "1971"]
[BlackElo "1970"]
[PlyCount "82"]
[EventDate "2018.03.30"]
[EventType "swiss"]
[EventRounds "6"]
[EventCountry "BRA"]
[SourceTitle "EXT 2021"]
[Source "ChessBase"]
[SourceDate "2020.10.23"]
[SourceVersion "1"]
[SourceVersionDate "2020.10.23"]
[SourceQuality "1"]

1. d4 d5 2. e3 Nf6 3. Bd3 c5 4. c3 Nc6 5. f4 Bg4 6. Nf3 e6 7. 0-0 Bd6 8. Qe1 Bf5 9. Be2 0-0 10. Ne5 h6 11. g4 Bh7 12. Nd2 Ne4 13. Bf3 Nxe5 14. dxe5 Be7 15. c4 Nxd2 16. Bxd2 Bd3 17. cxd5 Bh4 18. Qc1 Bxf1 19. Kxf1 exd5 20. Qxc5 Be7 21. Qxd5 Qb6 22. Qb3 Qa6+ 23. Kg2 Rad8 24. Bc3 Bc5 25. Re1 b5 26. Bd5 b4 27. Bd2 Kh8 28. e4 Qb6 29. Qh3 f6 30. e6 Qb5 31. f5 Kh7 32. Qb3 Be7 33. Be3 a5 34. a4 Qb8 35. Rc1 Rc8 36. Bc6 Qe5 37. Qc2 Rfd8 38. b3 Rd6 39. Bd5 Rxc2+ 40. Rxc2 Rxd5 41. Kf3 Rd3 0-1

[Event "Sao Paulo op-B U2050 7th"]
[Site "Sao Paulo"]
[Date "2018.03.31"]
[Round "4"]
[White "De Arruda Filho, Nivaldo Jesus"]
[Black "Raimundo, Airton Carlos Nunes"]
[Result "1/2-1/2"]
[WhiteElo "1941"]
[BlackElo "1971"]
[PlyCount "88"]
[EventDate "2018.03.30"]
[EventType "swiss"]
[EventRounds "6"]
[EventCountry "BRA"]
[SourceTitle "EXT 2021"]
[Source "ChessBase"]
[SourceDate "2020.10.23"]
[SourceVersion "1"]
[SourceVersionDate "2020.10.23"]
[SourceQuality "1"]

1. c4 e5 2. Nc3 c5 3. Nf3 Nc6 4. g3 g6 5. a3 Bg7 6. Rb1 Nge7 7. Bg2 0-0 8. 0-0 f5 9. d3 h6 10. Ne1 f4 11. b4 d6 12. Ne4 cxb4 13. axb4 Be6 14. c5 d5 15. Nd6 Qd7 16. Nf3 fxg3 17. hxg3 b6 18. b5 bxc5 19. Nc4 Nb4 20. Ncxe5 Qxb5 21. d4 c4 22. Ba3 a5 23. Qd2 Rab8 24. Rb2 Rfc8 25. Qc3 Bf5 26. Nh4 Bxe5 27. dxe5 Be6 28. Rfb1 Qc5 29. e3 g5 30. Nf3 Bf5 31. Rd1 Be4 32. e6 Rf8 33. Ne5 Bxg2 34. Kxg2 Qd6 35. Nd7 Qxe6 36. Nxf8 Rxf8 37. Bxb4 Qe4+ 38. Kg1 axb4 39. Qxb4 Qf3 40. Rbd2 Nf5 41. Qc5 d4 42. Qxc4+ Rf7 43. Qe2 Qxe2 44. Rxe2 dxe3 1/2-1/2

[Event "Paulista-chT"]
[Site "Sao Paulo"]
[Date "2018.02.24"]
[Round "6.1"]
[White "Pinto, Rendrex Lopes"]
[Black "Raimundo, Airton Carlos Nunes"]
[Result "1-0"]
[WhiteElo "2190"]
[BlackElo "2020"]
[PlyCount "85"]
[EventDate "2018.02.17"]
[EventType "team-tourn"]
[EventRounds "7"]
[EventCountry "BRA"]
[SourceTitle "CBM 183 Extra"]
[Source "ChessBase"]
[SourceDate "2018.04.19"]
[SourceVersion "1"]
[SourceVersionDate "2018.04.19"]
[SourceQuality "1"]
[WhiteTeam "AAS CDRSJ FIP"]
[BlackTeam "Hebraica"]
[WhiteTeamCountry "BRA"]
[BlackTeamCountry "BRA"]

1. e4 c5 2. Nf3 d6 3. g3 Nc6 4. Bg2 e5 5. 0-0 g6 6. c3 Bg7 7. d3 Nge7 8. Nbd2 0-0 9. a3 f5 10. Qb3+ Kh8 11. Ng5 Qc7 12. Nf7+ Rxf7 13. Qxf7 Bd7 14. exf5 Rf8 15. Qa2 Bxf5 16. Ne4 d5 17. Nxc5 b6 18. Na6 Qd6 19. Nb4 Nxb4 20. axb4 Bxd3 21. Rd1 Qf6 22. b3 e4 23. Qb2 Qf7 24. Rxa7 Qe6 25. Be3 Nf5 26. Qd2 h5 27. Rb7 Qc8 28. Rxb6 Bxc3 29. Qc1 d4 30. Bh6 Rg8 31. Bf4 Qe8 32. Bh3 Kh7 33. Bxf5 gxf5 34. Be5 Rg6 35. Rb7+ Kg8 36. Rb8 Qxb8 37. Bxb8 Be2 38. Rxd4 Bxd4 39. Qc8+ Kh7 40. Qb7+ Bg7 41. Be5 Bf3 42. b5 Kh8 43. Qf7 1-0

[Event "Sao Paulo Carnaval op"]
[Site "Sao Paulo"]
[Date "2018.02.12"]
[Round "5"]
[White "Aoyama, Edmundo"]
[Black "Raimundo, Airton Carlos Nunes"]
[Result "0-1"]
[WhiteElo "1836"]
[BlackElo "2020"]
[PlyCount "48"]
[EventDate "2018.02.10"]
[EventType "swiss"]
[EventRounds "7"]
[EventCountry "BRA"]
[SourceTitle "CBM 183 Extra"]
[Source "ChessBase"]
[SourceDate "2018.04.19"]
[SourceVersion "1"]
[SourceVersionDate "2018.04.19"]
[SourceQuality "1"]

1. Nf3 d5 2. g3 Nf6 3. Bg2 Bf5 4. b3 e6 5. 0-0 h6 6. Bb2 Nbd7 7. d4 Bd6 8. Nbd2 0-0 9. c4 Bh7 10. Re1 a5 11. Ne5 c6 12. e4 Bb4 13. exd5 exd5 14. a3 Bd6 15. Rc1 Re8 16. Qf3 Re7 17. Re3 Ne4 18. Nxe4 dxe4 19. Qe2 Nxe5 20. dxe5 Bc5 21. Rxe4 Bxe4 22. Bxe4 Bd4 23. Rd1 Rd7 24. Rd2 Bxf2+ 0-1